| 000 -LEADER |
| fixed length control field |
01402cam a2200421 a 4500 |
| 001 - CONTROL NUMBER |
| control field |
6323318 |
| 003 - CONTROL NUMBER IDENTIFIER |
| control field |
OSt |
| 005 - DATE AND TIME OF LATEST TRANSACTION |
| control field |
20211217111734.0 |
| 006 - FIXED-LENGTH DATA ELEMENTS--ADDITIONAL MATERIAL CHARACTERISTICS |
| fixed length control field |
m o d |
| 007 - PHYSICAL DESCRIPTION FIXED FIELD--GENERAL INFORMATION |
| fixed length control field |
cr zn| |
| 008 - FIXED-LENGTH DATA ELEMENTS--GENERAL INFORMATION |
| fixed length control field |
070328s2006 enka sb 001 0 eng d |
| 020 ## - INTERNATIONAL STANDARD BOOK NUMBER |
| Canceled/invalid ISBN |
1905209541 |
| 035 ## - SYSTEM CONTROL NUMBER |
| System control number |
(CtWfDGI)bke00013832 |
| 035 ## - SYSTEM CONTROL NUMBER |
| System control number |
(NNC)6323318 |
| 038 ## - RECORD CONTENT LICENSOR |
| Staff Name |
Khadija |
| 040 ## - CATALOGING SOURCE |
| Original cataloging agency |
CtWfDGI |
| Language of cataloging |
eng |
| Transcribing agency |
CtWfDGI |
| 050 14 - LIBRARY OF CONGRESS CALL NUMBER |
| Classification number |
TA492.W4 |
| Item number |
L38 2006eb |
| 082 04 - DEWEY DECIMAL CLASSIFICATION NUMBER |
| Classification number |
671.52042 |
| Edition number |
22 |
| Author Mark |
LAS |
| 100 1# - MAIN ENTRY--PERSONAL NAME |
| Personal name |
Lassen, Tom. |
| 9 (RLIN) |
86801 |
| 245 10 - TITLE STATEMENT |
| Title |
Fatigue Life Analyses of Welded Structures / |
| Statement of responsibility, etc. |
Tom Lassen, Naman Récho. |
| 256 ## - COMPUTER FILE CHARACTERISTICS |
| Computer file characteristics |
Computer document. |
| 260 ## - PUBLICATION, DISTRIBUTION, ETC. |
| Place of publication, distribution, etc. |
London ; |
| -- |
Newport Beach, Calif. : |
| Name of publisher, distributor, etc. |
ISTE, |
| Date of publication, distribution, etc. |
2006 |
| Place of manufacture |
(Norwood, Mass. : |
| Manufacturer |
Books24x7.com [generator]) |
| 500 ## - GENERAL NOTE |
| General note |
Title from title screen. |
| 504 ## - BIBLIOGRAPHY, ETC. NOTE |
| Bibliography, etc. note |
Includes bibliographical references and index. |
| 516 ## - TYPE OF COMPUTER FILE OR DATA NOTE |
| Type of computer file or data note |
Text. |
| 530 ## - ADDITIONAL PHYSICAL FORM AVAILABLE NOTE |
| Additional physical form available note |
Available also in a print ed. |
| 538 ## - SYSTEM DETAILS NOTE |
| System details note |
Mode of access: Internet via World Wide Web. |
| 550 ## - ISSUING BODY NOTE |
| Issuing body note |
Digitized and made available by: Books24x7.com. |
| 563 ## - BINDING INFORMATION |
| Binding note |
HB |
| 650 #0 - SUBJECT ADDED ENTRY--TOPICAL TERM |
| Topical term or geographic name entry element |
Welded joints |
| General subdivision |
Fatigue. |
| 9 (RLIN) |
86802 |
| 650 #0 - SUBJECT ADDED ENTRY--TOPICAL TERM |
| Topical term or geographic name entry element |
Welded steel structures. |
| 9 (RLIN) |
86803 |
| 655 #7 - INDEX TERM--GENRE/FORM |
| Genre/form data or focus term |
Electronic books. |
| Source of term |
lcsh |
| 9 (RLIN) |
86804 |
| 700 1# - ADDED ENTRY--PERSONAL NAME |
| Personal name |
Recho, Naman. |
| Relator code |
aut |
| 9 (RLIN) |
86805 |
| 710 2# - ADDED ENTRY--CORPORATE NAME |
| Corporate name or jurisdiction name as entry element |
Books24x7, Inc. |
| 9 (RLIN) |
86806 |
| 856 40 - ELECTRONIC LOCATION AND ACCESS |
| Uniform Resource Identifier |
<a href="http://www.columbia.edu/cgi-bin/cul/resolve?clio6323318">http://www.columbia.edu/cgi-bin/cul/resolve?clio6323318</a> |
| Public note |
Click here for full text. |
| 942 ## - ADDED ENTRY ELEMENTS (KOHA) |
| Source of classification or shelving scheme |
|
| Koha item type |
Book |